000
00246nam a22001217a 4500
082
_a
894.812
_b
YAR/E
100
_a
VARGHESE, P G
245
_a
ITHA ANUGRAHAM
260
_a
NEW DELHI
_b
FAITH
300
_a
96
650
_a
STORY
_z
KERALA
942
_c
BK
999
_c
1646
_d
1646